Memories & opinions : (Record no. 123739)
[ view plain ]
| 000 -LEADER | |
|---|---|
| fixed length control field | 01037cam a2200277 a 4500 |
| 001 - CONTROL NUMBER | |
| control field | 12169895 |
| 003 - CONTROL NUMBER IDENTIFIER | |
| control field | ARRUPE |
| 005 - DATE AND TIME OF LATEST TRANSACTION | |
| control field | 20151104122226.0 |
| 008 - FIXED-LENGTH DATA ELEMENTS--GENERAL INFORMATION | |
| fixed length control field | 000911s1945 enk 001 0aeng |
| 010 ## - LIBRARY OF CONGRESS CONTROL NUMBER | |
| LC control number | 45004679 |
| 040 ## - CATALOGING SOURCE | |
| Original cataloging agency | DLC |
| Transcribing agency | DLC |
| 050 00 - LIBRARY OF CONGRESS CALL NUMBER | |
| Classification number | PR5195 |
| Item number | .A3 1945 |
| 300 ## - PHYSICAL DESCRIPTION | |
| Dimensions | 20 cm. |
| 100 0# - MAIN ENTRY--PERSONAL NAME | |
| Personal name | Q, |
| Dates associated with a name | 1863-1944. |
| 9 (RLIN) | 20929 |
| 245 10 - TITLE STATEMENT | |
| Title | Memories & opinions : |
| Remainder of title | an unfinished autobiography / |
| Statement of responsibility, etc | by Q ; edited, with an introduction, by S.C. Roberts. |
| 246 3# - VARYING FORM OF TITLE | |
| Title proper/short title | Memories and opinions |
| 260 ## - PUBLICATION, DISTRIBUTION, ETC. (IMPRINT) | |
| Place of publication, distribution, etc | Cambridge [England] : |
| Name of publisher, distributor, etc | University Press ; |
| Place of publication, distribution, etc | New York : |
| Name of publisher, distributor, etc | Macmillan, |
| Date of publication, distribution, etc | 1945. |
| 300 ## - PHYSICAL DESCRIPTION | |
| Extent | xii, 105 p. ; |
| 600 10 - SUBJECT ADDED ENTRY--PERSONAL NAME | |
| Personal name | Quiller-Couch, Arthur, |
| Dates associated with a name | 1863-1944. |
| 9 (RLIN) | 20930 |
| 700 1# - ADDED ENTRY--PERSONAL NAME | |
| Personal name | Roberts, S. C. |
| Fuller form of name | (Sydney Castle), |
| Dates associated with a name | 1887-1966. |
| 9 (RLIN) | 20931 |
| 700 1# - ADDED ENTRY--PERSONAL NAME | |
| Personal name | Rogers, Bruce, |
| Dates associated with a name | 1870-1957, |
| Relator term | former owner. |
| Institution to which field applies | DLC |
| 9 (RLIN) | 20932 |
| 710 2# - ADDED ENTRY--CORPORATE NAME | |
| Corporate name or jurisdiction name as entry element | Pforzheimer Bruce Rogers Collection (Library of Congress) |
| Institution to which field applies | DLC |
| 9 (RLIN) | 5079 |
| 906 ## - LOCAL DATA ELEMENT F, LDF (RLIN) | |
| a | 7 |
| b | cbc |
| c | premver |
| d | 1 |
| e | ncip |
| f | 19 |
| g | y-gencatlg |
| 942 ## - ADDED ENTRY ELEMENTS (KOHA) | |
| Source of classification or shelving scheme | Library of Congress Classification |
| Koha item type | Monograph ( Printed materials) |
| Withdrawn status | Lost status | Source of classification or shelving scheme | Damaged status | Not for loan | Collection code | Home library | Current library | Shelving location | Date acquired | Total Checkouts | Full call number | Barcode | Date last seen | Price effective from | Koha item type |
|---|---|---|---|---|---|---|---|---|---|---|---|---|---|---|---|
| Library of Congress Classification | Main Collection | ARRUPE LIBRARY | ARRUPE LIBRARY | Main Collection | 04/11/2015 | PR5105 .A3 1945 | 80005002618 | 04/11/2015 | 04/11/2015 | Monograph ( Printed materials) |